|
|
|
|
| LEADER |
01185nam a22002417a 4500 |
| 001 |
10138 |
| 003 |
BD-DhAAL |
| 005 |
20230110115615.0 |
| 008 |
150106s1998 bg ||||| |||| 00| 0 ben d |
| 020 |
|
|
|a 9840501909
|
| 040 |
|
|
|a BD-DhAAL
|c BD-DhAAL
|
| 082 |
|
|
|a 338.95492
|2 22
|
| 245 |
|
|
|a অর্থনৈতিক ব্যবস্থাপনার সংকট :
|b বাংলাদেশের উন্নয়ন পর্যালোচনা ১৯৯৭
|
| 260 |
|
|
|a ঢাকা :
|b ইউনিভার্সিটি প্রেস লিমিটেড,
|c ১৯৯৮
|
| 300 |
|
|
|a xx, ২৮৩ পৃ. :
|c ২২ সে. মি.
|
| 541 |
|
|
|e 10138
|
| 650 |
|
|
|a Economic policy
|z Bangladesh
|9 7104
|
| 710 |
|
|
|a সেন্টার ফর পলিসি ডায়লগ
|9 7105
|
| 852 |
|
|
|a Ayesha Abed Library
|
| 942 |
|
|
|2 ddc
|c BK
|
| 999 |
|
|
|c 33386
|d 33386
|
| 952 |
|
|
|0 0
|1 0
|2 ddc
|4 0
|6 338_954900000000000_ART
|7 0
|9 44625
|a BRACUL
|b BRACUL
|c GEN
|d 2015-01-06
|l 0
|o 338.9549 ART
|p 3010010138
|r 2015-01-06
|t 1
|w 2015-01-06
|y BK
|
| 952 |
|
|
|0 0
|1 0
|2 ddc
|4 0
|6 338_954920000000000_ART
|7 0
|9 56402
|a SCL
|b SCL
|c GEN
|d 2015-10-23
|g 230.00
|l 0
|o 338.95492 ART
|p 3020004372
|r 2015-10-23
|t 2
|w 2015-10-23
|y BK
|